| 000 | 01654 a2200253 4500 | ||
|---|---|---|---|
| 001 | 40735 | ||
| 005 | 20260407155703.0 | ||
| 008 | 260407a2007 arg spa d | ||
| 003 | AR-UNSa-BCEJYS | ||
| 040 |
_aAR-UNSa-BCEJYS _bspa _cAR-UNSa-BCEJYS |
||
| 080 |
_a336.74 _xMoneda. Sistema monetario |
||
| 245 | 1 | 0 | _aStigum`s money market |
| 020 | _a978-0-07-144845-1 | ||
| 250 | _a4a. ed | ||
| 264 | 1 |
_aNew York : _bMcGraw-Hill _c2007 |
|
| 300 |
_axxvi, 1174 p. _c23 cm. |
||
| 505 | _a1. Introduction - 2. Funds Flows, Banks, and Money Creation - 3.The Instruments in Brief - 4. Bond Valuation - 5 . Duration and Convexity - 6. The Banks: Domestic Operations - 7. The Banks: Eurodollar Operations - 8. The Treasury and the Federal Agencies - 9. Don’t Fight the Fed! The Powerful Role of the Federal Reserve - 10. The Market Makers: Dealers and Others - 11. The Investors: Running a Short-Term Portfolio - 12. The Federal Funds Market - 13. The Repo and Reverse Markets - 14. Treasury and Federal Agency Securities - 15. Financial Futures: Bills, Eurodollars, and Fed Funds - 16. Treasury Futures - 17. Financial Options - 18. Eurodollars: Cash Time Deposits and FRAs - 19. Interest-Rate Swaps - 20. Certificates of Deposit - 21. Bankers’ Acceptances - 22. The Commercial Paper Market - 23. Bank Sales of Loan Participations - 24. Medium-Term Notes - 25. Municipal Notes - 26. Money Market Funds | ||
| 041 | _aspa | ||
| 942 | _cBK | ||
| 590 | _aniveau_biblio:m niveau_hierar:0 | ||
| 100 | 1 | _aStigum, Marcia | |
| 700 | 1 | _aCrescenzi, Anthony | |
| 856 | 4 | 1 |
_uhttps://biblioeco.unsa.edu.ar/pmb/images/libros/L126237.jpg _yImagen de portada _qimage/jpeg |
| 999 |
_c3301 _d3301 |
||